000 00496nam a2200181Ia 4500
005 20250326124030.0
008 250326s9999 xx 000 0 und d
037 _aTextbook
040 _aFMSL
_beng
_cFMSL
041 _aeng
_2eng
084 _aXogB L0
_qFMSL
100 _aHooper J W
_9736640
245 0 _aEconometrics from econometrica
_cHooper J W; Nerlove M
260 _aLondon
_bLondon, M I T
_c1970
300 _a498p
942 _cTB
_hXogB L0
999 _c1271970
_d1271970